000 00286nam a2200109Ia 4500
008 180305s9999 xx 000 0 und d
020 _a312954212
100 _aSimons, Paulina
245 _cPaulina Simons
_aTully/
260 _aUSA
_bSMP ST. MArtin Paperbacks
_c1994
300 _a685 Pages
999 _c356044
_d356044